Movies by Mask Quiz Stats

 Plays Quiz Updated Sep 21, 2018

Also try: Cinematic Shades
Challenge
Share
Tweet
Score 0/25 Timer 06:00
1 Play Today
Year Movie % Correct
Column 4Star Wars
96.1%
Column 3The Mask
94.9%
Column 2Scream
94%
Column 1Green Lantern
90.9%
Column 1Mask of Zorro
86.8%
Column 5The Phantom of the Opera
80.4%
Column 2The Silence of the Lambs
79.4%
Column 4V for Vendetta
72.8%
Column 3Kick-Ass
69.5%
Column 1Nacho Libre
69.1%
Column 2Halloween Resurrection
65.3%
Column 5Friday the 13th Part VI: Jason Lives
64.5%
Column 1The Princess Bride
58.6%
Year Movie % Correct
Column 5Donnie Darko
57.1%
Column 2Batman Returns
55.5%
Column 4The Man in the Iron Mask
51.9%
Column 3The Invisible Man
47.8%
Column 1Mortal Kombat
47.2%
Column 1The Town
43.2%
Column 5Spider-Man
42.9%
Column 4Kill Bill Vol. 1
35.2%
Column 5Point Break
30.2%
Column 5Eyes Wide Shut
24.7%
Column 3Vanilla Sky
24%
Column 2Marie Antoinette
23%

You're not logged in!

Compare scores with friends on all Sporcle quizzes.
OR
Log In

You Might Also Like...

Show Comments

Extras

Top Quizzes Today


Score Distribution

Your Account Isn't Verified!

In order to create a playlist on Sporcle, you need to verify the email address you used during registration. Go to your Sporcle Settings to finish the process.

Report this User

Report this user for behavior that violates our Community Guidelines.

Details: